00321nam a2200109Ia 4500008004100000082000800041100002300049245001900072942000600091952009900097999001500196240331s9999 xx 000 0 und d bTHE aThewarapperuma,D.B 0aSinhasenapathi cL 001040708LaWERCLbWERCLcSSCd2024-03-31l0o 894.811 THEp3471r2024-03-31w2024-03-31yL c5320d5320